Deutsche Städte nach U-/Stadt-/Straßenbahn - Statistiken

Allgemein
  • Dieses Quiz wurde 360 mal gespielt
  • Das Durchschnittsergebnis liegt bei 6 aus 16
Antwortstatistiken
Bildquiz Antwort % Korrekt
Berlin
88%
Hamburg
83%
Dresden
58%
Frankfurt am Main
55%
Köln
55%
Stuttgart
48%
Karlsruhe
38%
Nürnberg
36%
Krefeld
27%
Mainz
27%
Potsdam
25%
Augsburg
24%
Kassel
22%
Ulm
21%
Bielefeld
20%
Chemnitz
19%
Keine übereinstimmenden Quizze gefunden
Verteilung der Resultate
Anzahl Personen mit jedem Resultat
Perzentil nach korrekt beantworteten Fragen
Ihre Resultats-Entwicklung
Sie haben dieses Quiz noch nicht gespielt